Restructuring the state and intergovernmental fiscal relations in South Africa (Record no. 130141)
[ view plain ]
| 000 -LEADER | |
|---|---|
| fixed length control field | 00476nam a22001217a 4500 |
| 008 - FIXED-LENGTH DATA ELEMENTS--GENERAL INFORMATION | |
| fixed length control field | 200121b ||||| |||| 00| 0 eng d |
| 050 ## - LIBRARY OF CONGRESS CALL NUMBER | |
| Classification number | HC905 |
| Item number | .R436 |
| 245 ## - TITLE STATEMENT | |
| Title | Restructuring the state and intergovernmental fiscal relations in South Africa |
| Statement of responsibility, etc | Edited by Bert Helmsing, Thomas Mogale and Roland Hunter |
| 260 ## - PUBLICATION, DISTRIBUTION, ETC. (IMPRINT) | |
| Place of publication, distribution, etc | Johannesburg |
| Name of publisher, distributor, etc | Friedrich-Ebert-Stiftung |
| Date of publication, distribution, etc | 1996 |
| 300 ## - PHYSICAL DESCRIPTION | |
| Extent | ii, 197p. ; |
| Dimensions | 21cm. |
| 651 ## - SUBJECT ADDED ENTRY--GEOGRAPHIC NAME | |
| Geographic name | South Africa |
| General subdivision | Economic conditions |
| 9 (RLIN) | 21702 |
| 942 ## - ADDED ENTRY ELEMENTS (KOHA) | |
| Source of classification or shelving scheme | Library of Congress Classification |
| Item type | Monograph ( Printed materials) |
| Withdrawn status | Lost status | Source of classification or shelving scheme | Damaged status | Not for loan | Collection code | Home library | Current library | Shelving location | Date acquired | Total Checkouts | Full call number | Barcode | Date last seen | Price effective from | Koha item type |
|---|---|---|---|---|---|---|---|---|---|---|---|---|---|---|---|
| Library of Congress Classification | Main Collection | ARRUPE LIBRARY | ARRUPE LIBRARY | Main Collection | 21/01/2020 | HC905 .R436 | 46600006151 | 21/01/2020 | 21/01/2020 | Monograph ( Printed materials) |